000 00373nam a2200157Ia 4500
008 230524s9999 xx 000 0 und d
082 _a621.38
_bBEL
100 _aDavid A.Bell
245 0 _aSolid State Pulse Circuits
250 _a4TH
260 _aNEW DELHI
_bPHI
_c2003
300 _aXIII;594
500 _aQuantity Number: 5
650 _aElectronics
942 _cBK
999 _c24009
_d24009